Countries of the World/Paesi del Mondo: largest position variations - Statistics

General Stats
  • This quiz has been taken 67 times
  • The average score is 8 of 20
Answer Stats
Variation ITA Rank ENG Rank Country % Correct
+ 82 79 161 San Marino
78%
+ 50 56 106 Slovenia
60%
+ 106 174 68 Dominica
58%
+ 49 47 96 Albania
55%
+ 54 40 94 Croatia
55%
+ 38 101 63 Haiti
53%
+ 55 165 110 Bahamas
52%
+ 59 78 137 Macedonia
50%
+ 63 142 79 Jamaica
48%
+ 77 80 157 Montenegro
47%
+ 66 90 156 Eritrea
32%
+ 63 45 108 Tunisia
32%
+ 36 162 126 El Salvador
27%
+ 54 94 148 Moldova
23%
+ 49 109 158 Senegal
20%
+ 47 146 99 Zimbabwe
20%
+ 56 131 75 Chad
18%
+ 47 154 107 South Sudan
17%
+ 45 93 48 Thailand
17%
+ 41 108 67 Yemen
17%
No matching quizzes found
Score Distribution
Percent of People with Each Score
Percentile by Number Answered
Your Score History
You have not taken this quiz